000 00407nam a2200169Ia 4500
005 20240823011947.0
008 240823s9999||||xx |||||||||||||| ||und||
082 _A158.39
100 _aAnand Ganguly
245 0 _aGroup Discussion and interviews
250 _a1st
260 _b"Ramesh,Pub "
_aNew Delhi
500 _aYES
650 _aManagement
_bManagement Studies
942 _cBK
999 _c163022
_d163022